000 01255nam a22003017a 4500
999 _c111985
_d111985
003 dpl
005 20190205120748.0
008 190205b ||||| |||| 00| 0 eng d
010 _aB-141543
020 _c375.00
_a8170436095
035 _aB-141543, B-141553
037 _bCen Lib/Ret
040 _aDPL
_bHN
_c0
082 _a820.8
_bयहाँसु
245 _aयहाँ सुमन बिखेर दो /
_cसंपादक राजकिशोर सिंह [एवं] उषा यादव
246 _aYahan suman bikher do /
_bsampadak Rajkishor Singh [and] Usha Yadav
260 _aदिल्ली
_bआत्माराम एंड संस
_c2004
270 _bदिल्ली
_aकश्मीरी गेट
_e110006
300 _a359पृ.
_c20सेमी(सजिल्द )
500 _a
650 _aहिंदी साहित्य
_x
_z
_945344
650 _v
_aहिंदी साहित्यकार
_91191
650 _aHindi litarature
_945345
650 _aHindi litterateur
_945346
700 _aसंपादक राजकिशोर
_945332
700 _aयादव, उषा
_945347
942 _2ddc
_cHN
_h820.8
_mयहाँसु